000 00493ntaaa2200181 4500
003 01
005 20251027202214.0
008 0714s1973 ag 01
040 _aAR-BaBN
_bspa
_cAR-BaBN
_eaacr
_dRIC
082 _a267.7000 C26
100 _aCasa Bautistae de Publicaciones
_99284
245 _aManual de estudio para los Embajadores del Rey
250 _a1 ed.
260 _aEl Paso :
_bCasa Bautista de Publicaciones,
_cn.f.
300 _a96 p
650 _aEmbajadores del Rey
942 _cBK
999 _c16944
_d16944